| 000 | 00742nam a22002177a 4500 | ||
|---|---|---|---|
| 003 | UA-OsUOA | ||
| 001 | 74148 | ||
| 007 | ta | ||
| 008 | 20110328b un ||||| |||| 00| 0 ukr d | ||
| 100 | _aКарпенко О. | ||
| 090 |
_a94(477) _bК26 |
||
| 942 | _cSA | ||
| 040 |
_aUA-OsUOA _bukr _cUA-OsUOA _dUA-OsUOA |
||
| 245 | _aРеспубліка, якої немає. Придністров'я - біла пляма на карті світового українства. Як живуть наші єдинокровні брати в цьому регіоні?.. | ||
| 300 | _aС.12 | ||
| 955 | _a0 | ||
| 041 | _aukr | ||
| 080 | _a94(477) | ||
| 773 | 0 | _w74144 | |
| 650 | 7 |
_a9 Географія. Біографії. Історія _2UDC |
|
| 999 |
_c360438 _d360438 |
||